000 00450nam a2200145Ia 4500
008 100122s9999 xx 000 0 und d
082 _b9114
_a823
100 _aमित्र का र
245 _aप्रियवंदा
260 _bमनोरंजक ग्रंथ प्रसारक मंडळी
_c1925
300 _a186
630 _aप्रियवंदा
730 _aप्रियवंदा
942 _cBOOK
999 _c401221
_d401218